Study on cholera disease of local chicken and their antibodies by using ha and hi-test at tboung khhmoum district, tboung khhmoum province, ការសិក្សាលើជំងឺអាសន្នរោគបក្សីរបស់មាន់ស្រែ និងអង់ទីគ័រ របស់វាតាមរយៈ Ha and Hi-Test ស្រុកត្បូងឃ្មុំ ខេត្តត្បូងឃ្មុំ (Record no. 7520)

000 -LEADER
fixed length control field 00826nam a22001577a 4500
003 - CONTROL NUMBER IDENTIFIER
control field OSt
005 - DATE AND TIME OF LATEST TRANSACTION
control field 20160310151609.0
008 - FIXED-LENGTH DATA ELEMENTS--GENERAL INFORMATION
fixed length control field 160310b xxu||||| |||| 00| 0 eng d
040 ## - CATALOGING SOURCE
Transcribing agency RUA
082 ## - DEWEY DECIMAL CLASSIFICATION NUMBER
Classification number VEM SEN 2014 B459 Or.1
100 ## - MAIN ENTRY--PERSONAL NAME
9 (RLIN) 7926
Personal name SENG THONA; សេង ថុនា
245 ## - TITLE STATEMENT
Title Study on cholera disease of local chicken and their antibodies by using ha and hi-test at tboung khhmoum district, tboung khhmoum province, ការសិក្សាលើជំងឺអាសន្នរោគបក្សីរបស់មាន់ស្រែ និងអង់ទីគ័រ របស់វាតាមរយៈ Ha and Hi-Test ស្រុកត្បូងឃ្មុំ ខេត្តត្បូងឃ្មុំ
260 ## - PUBLICATION, DISTRIBUTION, ETC. (IMPRINT)
Place of publication, distribution, etc. Phnom Penh
Name of publisher, distributor, etc. RUA
Date of publication, distribution, etc. 2014
300 ## - PHYSICAL DESCRIPTION
Extent x ; 37p.
Other physical details ill.
Dimensions 29cm.
942 ## - ADDED ENTRY ELEMENTS (KOHA)
Source of classification or shelving scheme
Koha item type VEM
Holdings
Price effective from Date last seen Permanent Location Not for loan Date acquired Source of classification or shelving scheme Koha item type Lost status Withdrawn status Date last checked out Total Checkouts Shelving location Damaged status Barcode Current Location Full call number
2016-03-102016-03-10Library Block B 2016-03-10 VEM    B459 RUA055590Library Block BVEM SEN 2014 B459 Or.1
2016-03-102016-05-02Library Block B 2016-03-10 VEM  2016-03-231B459 RUA055650Library Block BVEM SEN 2014 B459 Or.2
2016-03-102016-03-10Library Block B 2016-03-10 VEM    B459 RUA056065Library Block BVEM SEN 2014 B459 Or.3
2016-03-102016-03-10Library Block B 2016-03-10 VEM    B459 RUA055854Library Block BVEM SEN 2014 B459 Or.4
2016-03-102017-01-27Library Block B 2016-03-10 VEM  2016-12-242B459 RUA056440Library Block BVEM SEN 2014 B459 Or.5
2016-03-102016-03-10Library Block B 2016-03-10 VEM    B459 RUA055852Library Block BVEM SEN 2014 B459 Or.6
2016-03-102016-03-10Library Block B 2016-03-10 VEM    B459 RUA055981Library Block BVEM SEN 2014 B459 Or.7
2016-03-102016-03-10Library Block B 2016-03-10 VEM    B459 RUA055846Library Block BVEM SEN 2014 B459 Or.8
2021-11-102021-11-10Library Block B 2021-11-10 VEM    B690 A065746Library Block BVEM SEN 2014 B690 Or.1
2021-11-102021-11-10Library Block B 2021-11-10 VEM    B690 a065763Library Block BVEM SEN 2014 B690 Or.1
2021-11-102021-11-10Library Block B 2021-11-10 VEM    B690 A066089Library Block BVEM SEN 2014 B690 Or.1
មជ្ឈមណ្ឌលឯការនៃសាកលវិទ្យាល័យភូមិន្ទកសិកម្មចំការដូង

Powered by Koha